000 00422nam a2200157 i 4500
001 134302
003 ES-MaACL
005 20230906194639.0
007 t|
008 070907s1952 sp ||||1| spa d
100 1 _aXaudaró, Enrique.
_9117496
245 1 0 _aUn cualquiera
_b: novelas /
_cEnrique Xaudaró.
260 _aMadrid :
_bCronos,
_c[1952]
300 _a266 p. ;
_c19 cm.
852 _aES-MaACL
_jD-8870
_bR.33418
999 _c134302
_d134302